| 000 | 00814nam a22002055i 4500 | ||
|---|---|---|---|
| 001 | 159043 | ||
| 003 | ES-MaACL | ||
| 005 | 20251014063227.0 | ||
| 008 | 010528s1855 po |||| | por d | ||
| 040 |
_aCAM _bspa _cCAM |
||
| 100 | 1 |
_aMartins, Oliveira, _d1845-1894 _9129586 |
|
| 245 | 1 | 0 |
_aElementos de anthropologia _b: historia natural do homen / _cpor J.P. Oliveira Martins. |
| 250 | _a3ª ed. emendada. | ||
| 260 |
_aLisboa : _blivraria Bertrand, _c1885. |
||
| 300 |
_aXIII, 271 p. ; _c20 cm. |
||
| 490 | 1 |
_aBibliotheca das Sciencias Sociales. A Pre-historia ; _v7 |
|
| 830 | 0 |
_aBibliotheca das Sciencias Sociales. A Pre-historia ; _v7 _9221902 |
|
| 852 |
_aES-MaACL _jF-7911 _z-- Enc. pasta española _x-- Edic.: añadir en T260 (Porto : Typ. A.f. Vasconcellos) |
||
| 999 |
_c159043 _d159043 |
||